000 00561cam a22001457a 4500
008 180718b2012 xxu||||| |||| 00| 0 eng d
082 _aAPPPA 2011-12/ASH
100 _aAshok Kumar
245 _aEmployee welfare schemes at carriage and wagon workshop, Jagadhri, Northern railways: implementation and its impact
_cby Ashok Kumar
260 _aNew Delhi
_bIndian Institute of Public Administration
_c2012
300 _a76p.
500 _aAn APPPA M. Phil dissertation, 2011-12 (Guide: Prof. Rajesh Singh)
650 _aRail roads -India
650 _aLabor -India
999 _c502596
_d502596